[Event "Kostroma Volga Cup op"]
[Site "Kostroma"]
[Date "2009.07.??"]
[Round "4"]
[White "Kovalev, Evgeny I"]
[Black "Lozbenev, Pavel"]
[Result "1-0"]
[WhiteElo "1846"]
[BlackElo "2105"]
[PlyCount "97"]
[EventDate "2009.07.03"]
[EventType "swiss"]
[EventRounds "9"]
[EventCountry "RUS"]
[SourceTitle "EXT 2021"]
[Source "ChessBase"]
[SourceDate "2020.10.23"]
[SourceVersion "1"]
[SourceVersionDate "2020.10.23"]
[SourceQuality "1"]

1. e4 e6 2. d4 d5 3. Nc3 Nf6 4. Bg5 Be7 5. e5 Nfd7 6. h4 h6 7. Bxe7 Qxe7 8. f4 0-0 9. Qd2 c5 10. Nf3 Nc6 11. 0-0-0 f6 12. exf6 Nxf6 13. g3 c4 14. Bh3 b5 15. Ne5 Qb7 16. Qe3 Qa6 17. Kb1 b4 18. Ne2 Rb8 19. Nc1 Ne4 20. Nxc6 Qxc6 21. Bg2 Nd6 22. Bf1 Qa4 23. Rh2 Nb5 24. Ka1 Rb6 25. Rf2 Nc3 26. bxc3 Qa3 27. Ne2 Ra6 28. Kb1 b3 29. cxb3 Qxa2+ 30. Kc1 cxb3 31. Ng1 Qa1+ 32. Kd2 Ra2+ 33. Ke1 b2 34. Bd3 e5 35. Rb1 e4 36. Rfxb2 Qxb2 37. Rxb2 Rxb2 38. Bf1 Rb1+ 39. Kf2 Rb2+ 40. Ne2 Bg4 41. c4 dxc4 42. Qxe4 Rc8 43. Kg1 c3 44. Nc1 c2 45. f5 Rb1 46. Qe6+ Kh7 47. Qxc8 Rxc1 48. Kg2 Bd1 49. Bd3 1-0

[Event "RUS-ch U18"]
[Site "Dagomys"]
[Date "2009.04.21"]
[Round "7"]
[White "Lozbenev, Pavel"]
[Black "Biryukov, Mikhail"]
[Result "1/2-1/2"]
[WhiteElo "2109"]
[BlackElo "2216"]
[PlyCount "96"]
[EventDate "2009.04.15"]
[EventType "swiss"]
[EventRounds "9"]
[EventCountry "RUS"]
[SourceTitle "CBM 130 Extra"]
[Source "ChessBase"]
[SourceDate "2009.07.02"]
[SourceVersion "2"]
[SourceVersionDate "2009.07.15"]
[SourceQuality "1"]

1. d4 Nf6 2. c4 g6 3. Nc3 d5 4. Nf3 Bg7 5. Bg5 dxc4 6. e4 c5 7. d5 b5 8. Bxf6 Bxf6 9. e5 Bg7 10. Nxb5 Qb6 11. Bxc4 a6 12. Nc3 Qxb2 13. Ne4 Qb4+ 14. Ned2 Bg4 15. Rb1 Qa5 16. h3 Bf5 17. Rb7 Bc8 18. Qb1 Nd7 19. e6 fxe6 20. dxe6 Ne5 21. 0-0 Bxb7 22. Qxb7 0-0 23. Qxe7 Rxf3 24. Nxf3 Nxc4 25. Qb7 Qd8 26. e7 Qe8 27. Rd1 Bf6 28. Qd5+ Kg7 29. Qxc4 Qxe7 30. Rd5 Rc8 31. Qxa6 Rd8 32. Qc6 Rxd5 33. Qxd5 Qa7 34. g4 h6 35. h4 Kh7 36. h5 gxh5 37. Qf5+ Kg7 38. gxh5 Qf7 39. Nd2 Bg5 40. Qxf7+ Kxf7 41. Ne4 Be7 42. Kg2 Ke6 43. f4 c4 44. Kf3 Bb4 45. Ke3 Kf5 46. Kd4 Kxf4 47. Kxc4 Be1 48. Nf6 Kg5 1/2-1/2

[Event "Moscow op-B"]
[Site "Moscow"]
[Date "2009.02.06"]
[Round "7"]
[White "Lozbenev, Pavel"]
[Black "Kazakov, Konstantin"]
[Result "1-0"]
[WhiteElo "2095"]
[BlackElo "2265"]
[PlyCount "63"]
[EventDate "2009.01.31"]
[EventType "swiss"]
[EventRounds "9"]
[EventCountry "RUS"]
[SourceTitle "EXT 2012"]
[Source "ChessBase"]
[SourceDate "2011.11.24"]
[SourceVersion "1"]
[SourceVersionDate "2011.11.24"]
[SourceQuality "1"]

1. d4 d5 2. c4 e6 3. Nc3 Nf6 4. Bg5 Be7 5. cxd5 exd5 6. Qc2 0-0 7. e3 Nbd7 8. Bd3 b6 9. Nge2 Bb7 10. 0-0 Re8 11. Bf4 a6 12. Rad1 Rc8 13. Ng3 g6 14. h4 Nf8 15. h5 Bd6 16. Bg5 Ne6 17. Bxf6 Qxf6 18. hxg6 hxg6 19. Qe2 Nxd4 20. Qg4 Ne6 21. Bf5 c6 22. Nce4 Qd8 23. Nxd6 Qxd6 24. Bxg6 fxg6 25. Qxg6+ Kf8 26. Qh6+ Kf7 27. Qh7+ Ng7 28. Qxg7+ Kxg7 29. Nf5+ Kf6 30. Nxd6 Re7 31. Nxc8 Bxc8 32. Rfe1 1-0

[Event "Moscow op-B"]
[Site "Moscow"]
[Date "2009.02.04"]
[Round "5"]
[White "Lozbenev, Pavel"]
[Black "Shuvalov, Evgenij"]
[Result "1/2-1/2"]
[WhiteElo "2095"]
[BlackElo "2213"]
[PlyCount "88"]
[EventDate "2009.01.31"]
[EventType "swiss"]
[EventRounds "9"]
[EventCountry "RUS"]
[SourceTitle "EXT 2012"]
[Source "ChessBase"]
[SourceDate "2011.11.24"]
[SourceVersion "1"]
[SourceVersionDate "2011.11.24"]
[SourceQuality "1"]

1. d4 d5 2. c4 c6 3. Nc3 Nf6 4. cxd5 cxd5 5. Bf4 Nc6 6. e3 e6 7. Bd3 Be7 8. Nf3 0-0 9. h3 Bd7 10. 0-0 Qb6 11. a3 Rfc8 12. Na4 Qd8 13. b4 Be8 14. Qb3 h6 15. Rfc1 Bd6 16. Bxd6 Qxd6 17. Rc2 Ne7 18. Rac1 Bxa4 19. Qxa4 a6 20. Ne5 Rxc2 21. Qxc2 Ne8 22. Qa4 Qd8 23. Qd7 Qxd7 24. Nxd7 Rc8 25. Rxc8 Nxc8 26. Nc5 Ncd6 27. a4 Nc7 28. a5 Kf8 29. f3 f5 30. Kf2 Ke7 31. Kg3 g5 32. h4 Kd8 33. hxg5 hxg5 34. e4 fxe4 35. fxe4 dxe4 36. Bxe4 Nxe4+ 37. Nxe4 Nb5 38. Nc5 Kc7 39. Nxe6+ Kd7 40. Nc5+ Kc6 41. d5+ Kxd5 42. Nxb7 Kc4 43. Nc5 Kxb4 44. Nxa6+ Kxa5 1/2-1/2

[Event "Kostroma Volga Cup op"]
[Site "Kostroma"]
[Date "2008.07.??"]
[Round "6"]
[White "Lagashin, Pavel"]
[Black "Lozbenev, Pavel"]
[Result "0-1"]
[WhiteElo "1986"]
[BlackElo "2073"]
[PlyCount "54"]
[EventDate "2008.07.??"]
[EventType "swiss"]
[EventRounds "9"]
[EventCountry "RUS"]
[SourceTitle "EXT 2009"]
[Source "ChessBase"]
[SourceDate "2008.11.26"]
[SourceVersion "1"]
[SourceVersionDate "2008.11.26"]
[SourceQuality "1"]

1. c4 c6 2. e4 g6 3. d4 Bg7 4. Nc3 d6 5. Be3 e5 6. d5 f5 7. f3 Nf6 8. Qd2 fxe4 9. fxe4 cxd5 10. cxd5 0-0 11. Nf3 Nh5 12. 0-0-0 Nf4 13. Bc4 Bg4 14. Rdf1 Nd7 15. h3 Bxf3 16. Rxf3 Rc8 17. Bb3 Nc5 18. Bc2 b5 19. Nxb5 Nxe4 20. Qd1 Nxg2 21. Rxf8+ Qxf8 22. Bxa7 Qf4+ 23. Kb1 Nd2+ 24. Ka1 e4 25. Rg1 Ne3 26. Bxe3 Qxe3 27. Re1 Rxc2 0-1

[Event "RUS-chT Clubs U18"]
[Site "Rybinsk"]
[Date "2007.08.10"]
[Round "9.17"]
[White "Kurukin, Dmitry"]
[Black "Lozbenev, Pavel"]
[Result "1-0"]
[WhiteElo "2189"]
[BlackElo "2084"]
[PlyCount "41"]
[EventDate "2007.08.02"]
[EventType "team-swiss"]
[EventRounds "9"]
[EventCountry "RUS"]
[SourceTitle "EXT 2022"]
[Source "ChessBase"]
[SourceDate "2021.10.06"]
[SourceVersion "1"]
[SourceVersionDate "2021.10.06"]
[SourceQuality "1"]

1. d4 d5 2. c4 c6 3. Nc3 Nf6 4. Nf3 e6 5. Bg5 Nbd7 6. e3 Qa5 7. cxd5 Nxd5 8. Qd2 Bb4 9. Rc1 h6 10. Bh4 0-0 11. Bd3 b6 12. a3 Bxc3 13. bxc3 Qxa3 14. 0-0 Qd6 15. e4 Nc7 16. e5 Qd5 17. Be7 Re8 18. Bd6 Na6 19. Ra1 b5 20. Qe2 Qb3 21. Rfb1 1-0

[Event "RUS-chT Clubs U18"]
[Site "Rybinsk"]
[Date "2007.08.06"]
[Round "5.21"]
[White "Lozbenev, Pavel"]
[Black "Kosov, Ivan"]
[Result "0-1"]
[WhiteElo "2084"]
[BlackElo "2379"]
[PlyCount "100"]
[EventDate "2007.08.02"]
[EventType "team-swiss"]
[EventRounds "9"]
[EventCountry "RUS"]
[SourceTitle "EXT 2022"]
[Source "ChessBase"]
[SourceDate "2021.10.06"]
[SourceVersion "1"]
[SourceVersionDate "2021.10.06"]
[SourceQuality "1"]

1. d4 d5 2. c4 e6 3. Nc3 c6 4. cxd5 exd5 5. Qc2 Be7 6. Nf3 g6 7. Bf4 Bf5 8. Qb3 Qb6 9. e3 Nd7 10. Be2 Ngf6 11. 0-0 0-0 12. Rfc1 Rfe8 13. h3 Bf8 14. Ne5 Nxe5 15. Bxe5 Nd7 16. Bf4 h6 17. Bg4 Bxg4 18. hxg4 Qxb3 19. axb3 g5 20. Bg3 Nf6 21. Na4 Nxg4 22. Nc5 Bxc5 23. Rxc5 Kg7 24. b4 a6 25. Ra3 Kg6 26. Rcc3 h5 27. f3 Nh6 28. Kf2 Nf5 29. Bh2 Rad8 30. Rd3 Rd7 31. Rac3 Rde7 32. Ra3 f6 33. Rac3 h4 34. Ra3 Kh5 35. g4+ hxg3+ 36. Bxg3 Kg6 37. Rac3 Rh7 38. Rd1 Reh8 39. Rg1 Rh1 40. Bc7 Rxg1 41. Kxg1 g4 42. fxg4 Nh6 43. Bf4 Nxg4 44. Rc2 Kf5 45. Kg2 Ke4 46. Rc3 f5 47. Ra3 Rg8 48. Kf1 Kf3 49. Rc3 Re8 50. Bg5 Nxe3+ 0-1

[Event "RUS-chT Clubs U18"]
[Site "Rybinsk"]
[Date "2007.08.05"]
[Round "4.29"]
[White "Lozbenev, Pavel"]
[Black "Safonov, Roman"]
[Result "1/2-1/2"]
[WhiteElo "2084"]
[BlackElo "2114"]
[PlyCount "32"]
[EventDate "2007.08.02"]
[EventType "team-swiss"]
[EventRounds "9"]
[EventCountry "RUS"]
[SourceTitle "EXT 2022"]
[Source "ChessBase"]
[SourceDate "2021.10.06"]
[SourceVersion "1"]
[SourceVersionDate "2021.10.06"]
[SourceQuality "1"]

1. d4 Nf6 2. c4 e5 3. dxe5 Ng4 4. Bf4 Nc6 5. Nf3 Bb4+ 6. Nbd2 Qe7 7. a3 Ngxe5 8. Nxe5 Nxe5 9. e3 Bxd2+ 10. Qxd2 d6 11. Be2 0-0 12. 0-0 b6 13. Rad1 Bb7 14. Bxe5 Qxe5 15. Qd4 Qg5 16. Qg4 Qxg4 1/2-1/2

[Event "RUS-chT Clubs U18"]
[Site "Rybinsk"]
[Date "2007.08.03"]
[Round "2.25"]
[White "Lozbenev, Pavel"]
[Black "Lintchevski, Daniil"]
[Result "0-1"]
[WhiteElo "2084"]
[BlackElo "2451"]
[PlyCount "51"]
[EventDate "2007.08.02"]
[EventType "team-swiss"]
[EventRounds "9"]
[EventCountry "RUS"]
[SourceTitle "EXT 2022"]
[Source "ChessBase"]
[SourceDate "2021.10.06"]
[SourceVersion "1"]
[SourceVersionDate "2021.10.06"]
[SourceQuality "1"]

1. d4 d5 2. c4 c6 3. cxd5 cxd5 4. Nc3 Nf6 5. Nf3 Nc6 6. Bf4 a6 7. a3 g6 8. e3 Bg7 9. h3 Bf5 10. Bd3 Bxd3 11. Qxd3 0-0 12. b4 e6 13. 0-0 Nd7 14. Rac1 Nb6 15. Nd2 Qe7 16. Rfd1 Rfc8 17. Qb1 Na7 18. Qb3 Nb5 19. Ncb1 Nd6 20. Bxd6 Qxd6 21. Rc5 Nd7 22. Rc2 Rxc2 23. Qxc2 Nb6 24. Qc5 Bf8 25. Nb3 Nc4 26. Rc1 0-1

[Event "RUS-chT Clubs U18"]
[Site "Rybinsk"]
[Date "2007.08.02"]
[Round "1.25"]
[White "Kopylov, Alexander A"]
[Black "Lozbenev, Pavel"]
[Result "1-0"]
[WhiteElo "2305"]
[BlackElo "2084"]
[PlyCount "87"]
[EventDate "2007.08.02"]
[EventType "team-swiss"]
[EventRounds "9"]
[EventCountry "RUS"]
[SourceTitle "EXT 2022"]
[Source "ChessBase"]
[SourceDate "2021.10.06"]
[SourceVersion "1"]
[SourceVersionDate "2021.10.06"]
[SourceQuality "1"]

1. d4 d5 2. c4 c6 3. Nf3 Nf6 4. Qb3 Qb6 5. c5 Qxb3 6. axb3 Bf5 7. Nc3 Na6 8. Bf4 Nh5 9. Bd2 Nf6 10. Ra4 Bc2 11. Ra3 Ne4 12. Nxe4 Bxe4 13. Bf4 f6 14. e3 Nb4 15. Kd2 e5 16. Bg3 h5 17. h4 Be7 18. Be2 exd4 19. exd4 Bd8 20. Ra4 a5 21. Rha1 Nc2 22. Rc1 Nb4 23. Ne1 b5 24. cxb6 Bxb6 25. Nd3 Nxd3 26. Bxd3 Bxd3 27. Kxd3 Kd7 28. Rca1 Rac8 29. b4 Bc7 30. Bxc7 Rxc7 31. bxa5 Rb8 32. b4 Rb5 33. Re1 Rcb7 34. Kc3 Kd8 35. Re3 Kd7 36. Rf3 Ke6 37. Re3+ Kd7 38. Re2 Kd8 39. Rb2 Kd7 40. Ra1 Kd8 41. Re1 Re7 42. Rxe7 Kxe7 43. Re2+ Kd7 44. Kb3 1-0

[Event "Moscow Petrosian Memorial U18"]
[Site "Moscow"]
[Date "2005.01.??"]
[Round "5"]
[White "Lozbenev, Pavel"]
[Black "Borta, Grigore"]
[Result "0-1"]
[WhiteElo "2118"]
[BlackElo "1952"]
[PlyCount "50"]
[EventDate "2005.01.??"]
[EventType "swiss"]
[EventRounds "9"]
[EventCountry "RUS"]
[SourceTitle "EXT 2006"]
[Source "ChessBase"]
[SourceDate "2005.11.24"]
[SourceVersion "1"]
[SourceVersionDate "2005.11.24"]
[SourceQuality "1"]

1. d4 Nf6 2. c4 e6 3. Nf3 b6 4. a3 Bb7 5. Nc3 c5 6. d5 exd5 7. cxd5 d6 8. e4 Nbd7 9. Bd3 Be7 10. 0-0 a6 11. a4 Qc7 12. Re1 h6 13. h3 g5 14. e5 dxe5 15. Bf5 Bd6 16. Ne4 Nxe4 17. Bxd7+ Qxd7 18. Rxe4 f6 19. g4 0-0-0 20. b4 h5 21. Be3 hxg4 22. bxc5 gxf3 23. cxd6 Qxh3 24. Qc2+ Kb8 25. Qc7+ Ka8 0-1